The basic Kafka
Contents: A fantastic collection with an invaluable selection of letters. If you have any interest in Kafka at all, and you're not well-versed, this is a great choice. There are some amazing pieces in here, as well as the collection of pathologies that constituted Kafka's unfortunate exist...
Shranjeno v:
| Glavni avtor: | |
|---|---|
| Format: | Knjiga |
| Jezik: | Undetermined |
| Izdano: |
New York
Pocket Books
1979
|
| Teme: | |
| Oznake: |
Označite
Brez oznak, prvi označite!
|
| Thư viện lưu trữ: | Trung tâm Học liệu Trường Đại học Cần Thơ |
|---|
| LEADER | 00839nam a2200193Ia 4500 | ||
|---|---|---|---|
| 001 | CTU_222503 | ||
| 008 | 210402s9999 xx 000 0 und d | ||
| 082 | |a 838 | ||
| 082 | |b K11 | ||
| 100 | |a Kafka | ||
| 245 | 4 | |a The basic Kafka | |
| 245 | 0 | |c Kafka ; Erich Heller introduction by | |
| 260 | |a New York | ||
| 260 | |b Pocket Books | ||
| 260 | |c 1979 | ||
| 520 | |a Contents: A fantastic collection with an invaluable selection of letters. If you have any interest in Kafka at all, and you're not well-versed, this is a great choice. There are some amazing pieces in here, as well as the collection of pathologies that constituted Kafka's unfortunate existence, and finally also some amazing... well what amounts to fragments. | ||
| 650 | |a Literature | ||
| 650 | |y Tạp văn | ||
| 980 | |a Trung tâm Học liệu Trường Đại học Cần Thơ | ||